• 首页
  • 本馆介绍
  • 公告通知
  • 最新文献
  • 馆藏检索
  • 电子资源
  • 读者导购
  • 参考咨询
  • 我的图书馆
  • 登录
  • 详细信息显示
  • 放入我的书架
  • 预约/预借图书
  • 作者相关作品
  • 分类相关作品
  • 丛书相关作品
  • 出版社相关作品

书目信息

  • 表格格式
  • 工作单格式
  • 卡片格式
题名:
乡村建房指南
    
 
作者: 王银 主编 ;宝家乡墅科技 著
分册:  
出版信息: 广州   广东人民出版社  2021
页数: 10,186页
开本: 29cm
丛书名:
单 册:
中图分类: TU241.4-62 , TU241.4
科图分类:
主题词: 农村住宅--建筑设计--指南
电子资源:
ISBN: 978-7-218-14790-1
000 00843nam0 2200241 450
001 2352973697
005 20231223144338.49
010    @a978-7-218-14790-1@dCNY 128.00
100    @a20210625d2021 em y0chiy0120 ea
101 0  @achi
102    @aCN@b440000
105    @aa z 000yy
200 1  @a乡村建房指南@Axiang cun jian fang zhi nan@b专著@f宝家乡墅科技著
210    @a广州@c广东人民出版社@d2021
215    @a10,186页@c彩图@d29cm
330    @a本书整编了乡村建房过程中业主最关心的房屋规划要点,以及建设过程中房屋质量、验收等最容易出现和忽视的问题,并以图文并茂的案例形式呈现。
606 0  @a农村住宅@x建筑设计@j指南
690    @aTU241.4-62@v5
690    @aTU241.4@v4
701  0 @a王银@Awang yin@c(女,@f1985-)@4主编
712 02 @a宝家乡墅科技@Abao jia xiang shu ke ji@4著
801  2 @aCN@b辽宁北配@c20231205
905    @aBZT@dTU241.4@e8
    
    乡村建房指南/宝家乡墅科技著.-广州:广东人民出版社,2021
    10,186页:彩图;29cm
    
    
    ISBN 978-7-218-14790-1:CNY 128.00
    本书整编了乡村建房过程中业主最关心的房屋规划要点,以及建设过程中房屋质量、验收等最容易出现和忽视的问题,并以图文并茂的案例形式呈现。
●
相关链接 在五车中查询图书 在当当中查询图书 在豆瓣中查询图书


正题名:乡村建房指南     索取号:TU241.4/8         预约/预借

序号 登录号 条形码 馆藏地/架位号 状态 备注
1 2001490605   2001490605   辽三/辽宁北配(第三批)/3792/ [索取号:TU241.4/8] 在馆    
2 2001490606   2001490606   辽三/辽宁北配(第三批)/3792/ [索取号:TU241.4/8] 在馆    
3 2001490607   2001490607   辽三/辽宁北配(第三批)/3792/ [索取号:TU241.4/8] 在馆    
4 2001490608   2001490608   辽三/辽宁北配(第三批)/3792/ [索取号:TU241.4/8] 在馆    
5 2001490609   2001490609   辽三/辽宁北配(第三批)/3792/ [索取号:TU241.4/8] 在馆    
6 2001490610   2001490610   辽三/辽宁北配(第三批)/3792/ [索取号:TU241.4/8] 在馆    
7 2001490611   2001490611   辽三/辽宁北配(第三批)/3792/ [索取号:TU241.4/8] 在馆    
8 2001490612   2001490612   辽三/辽宁北配(第三批)/3792/ [索取号:TU241.4/8] 在馆    
9 2001490613   2001490613   辽三/辽宁北配(第三批)/3792/ [索取号:TU241.4/8] 在馆    
10 2001490614   2001490614   辽三/辽宁北配(第三批)/3792/ [索取号:TU241.4/8] 在馆    
11 2001490615   2001490615   辽三/辽宁北配(第三批)/3792/ [索取号:TU241.4/8] 在馆    
12 2001490616   2001490616   辽三/辽宁北配(第三批)/3792/ [索取号:TU241.4/8] 在馆    
13 2001490617   2001490617   辽三/辽宁北配(第三批)/3792/ [索取号:TU241.4/8] 在馆    
14 2001490618   2001490618   辽三/辽宁北配(第三批)/3792/ [索取号:TU241.4/8] 在馆    
15 2001490619   2001490619   辽三/辽宁北配(第三批)/3792/ [索取号:TU241.4/8] 在馆    
16 2001490620   2001490620   辽三/辽宁北配(第三批)/3792/ [索取号:TU241.4/8] 在馆    
17 2001490621   2001490621   辽三/辽宁北配(第三批)/3792/ [索取号:TU241.4/8] 在馆    
18 2001490622   2001490622   辽三/辽宁北配(第三批)/3792/ [索取号:TU241.4/8] 在馆    
19 2001490623   2001490623   辽三/辽宁北配(第三批)/3792/ [索取号:TU241.4/8] 在馆    
20 2001490624   2001490624   辽三/辽宁北配(第三批)/3792/ [索取号:TU241.4/8] 在馆    
山东省滨州职业学院图书馆 欢迎您!
大连网信软件有限公司© 版权所有